Eddsworld quiz!! - Statistics

General Stats
  • This quiz has been taken 115 times
  • The average score is 20 of 27
Answer Stats
Hint Answer % Correct
"NOOOOO SUSAN!!" tom
100%
Whos the shortest? Tom
100%
He loves cola edd
98%
Who is the oldest member of the eddsworld gang? Edd
98%
The guy with a giant robot tord
98%
Who tried fo kill his friends? Tord
98%
The ginger guy matt
95%
Whos a narcissist? Matt
95%
"Thats not a racquet its a rocket!" Jon
89%
The neighbors matt mark
89%
"What are these LOSERS doing here?" Eduardo
87%
He has very big eyebrows Paul
78%
The guitar tom dates susan
78%
What is Edds cats name? Ringo
76%
What song does tord not like Sunshine lollipops
71%
"Weeeee are in a plane." patryk
68%
What does tord love?? (not the books he reads) GUNS
67%
fun fact: tomatoredd is supposed to sound like tomato red. (Answer to this question: ok) ok
65%
What episode does edd become a superhero? Poweredd
65%
What are Toms parents? pineapple and bowling ball
60%
What episode was tord shown leaving? 25ft under the seat
59%
What is matt allergic to? (Fun fact: Im allergic to the same thing too!) Dogs
59%
What did tom name his hair? Steve
56%
What is matt ALSO allergic to? Explosions
38%
What food does matt not like? Icecream
35%
Whos the mixture of all of the characters of the eddsworld gang shown in the episode "Spares"? Tomatoredd
32%
What episode did edd and matt canonically have a date? Matt sucks
25%
No matching quizzes found
Score Distribution
Percent of People with Each Score
Percentile by Number Answered
Your Score History
You have not taken this quiz